header

Matching contributions for pensions (Record no. 67664)

MARC details
000 -LEADER
fixed length control field 01316nam a2200325Ia 4500
245 00 - TITLE STATEMENT
Title Matching contributions for pensions
260 ## - PUBLICATION, DISTRIBUTION, ETC. (IMPRINT)
Place of publication Washington, D.C. :
Name of publisher World Bank,
Year of publication c2013.
300 ## - PHYSICAL DESCRIPTION
Number of Pages xxii, 331 p. :
Other physical details ill.
650 #0 - SUBJECT ADDED ENTRY--TOPICAL TERM
Topical Term Pensions
Topical Term Defined contribution pension plans
Topical Term Pensions
700 1# - ADDED ENTRY--PERSONAL NAME
Personal name Hinz, Richard P.
856 40 - ELECTRONIC LOCATION AND ACCESS
Uniform Resource Identifier http://site.ebrary.com/lib/rucke/Doc?id=10626514
588 ## -
-- Description based on print version record.

No items available.

© 2026 Rongo University
Contact us: librarian | system librarian | Rongo university